000 01621cam a22002771 4500
001 240967
003 GBCCL
005 20241126110414.0
008 800124m19621963miu 000 0 eng
010 _a 62016807
035 _a(OCoLC)ocm01887395
035 _a(OCoLC)1887395
_z(OCoLC)8912492
040 _aDLC
_beng
_cDLC
_dBTCTA
_dXBE
_dOCLCG
_dOCLCQ
_dCIRBC
049 _aLBBA
050 0 0 _aBT75.2
_b.B8
082 0 0 _a230.046
_bBUS
090 _aBT75.2
_b.B8
100 1 _aBuswell, J. Oliver
_q(James Oliver),
_d1895-1977.
_94107
245 1 2 _aA systematic theology of the Christian religion /
_cby James Oliver Buswell.
260 _aGrand Rapids :
_bZondervan Pub. House,
_cc1962-63.
300 _a2 v. ;
_c23 cm.
505 0 _aVOLUME I. -- [Part I.] Theism -- Ch. 1 The nature and attributes of God -- Ch. 2 Evidences for the existence of God -- Ch. 3 The doctrine of the trinity -- Ch. 4 The works of God: (Decrees), creation -- Ch. 5 The decrees of God, providence, miracle -- Ch. 6 Revelation, the inspiration of the Bible -- [Part II.] Biblical anthropology.
505 0 _aVOLUME II. -- [Part III.] Soteriology -- Ch. 1 The person of Christ, his deity and his humanity -- Ch. 2 The person of Christ, his deity and his humanity -- Ch. 3 The doctrine of the atonement: sections I-IV -- Ch. 4 The doctrine of the atonement: sections V and VI --Ch. 5 The application of the atonement: section I -- Ch. 6 The application of the atonement: sections II-IV -- Ch. 7 The application of the atonement: section V-VIII -- Ch. 8 The church and the sacraments.
650 0 _aTheology, Doctrinal.
_914
942 _2ddc
_cBK
_016
999 _c2000
_d2000